UM Logo

Bishop to voters: use social media to rally behind 'Good Candidates'. (Record no. 15177)

MARC details
000 -LEADER
fixed length control field 00372nam a2200109 4500
008 - FIXED-LENGTH DATA ELEMENTS--GENERAL INFORMATION
fixed length control field 200305b ||||| |||| 00| 0 eng d
245 ## - TITLE STATEMENT
Title Bishop to voters: use social media to rally behind 'Good Candidates'.
260 ## - PUBLICATION, DISTRIBUTION, ETC. (IMPRINT)
Place of publication, distribution, etc. Philippines;
Name of publisher, distributor, etc. Philippine Daily Inquirer,
Date of publication, distribution, etc. ©2019.
300 ## - PHYSICAL DESCRIPTION
Extent page A6;
Dimensions 29.5cm.
650 ## - SUBJECT ADDED ENTRY--TOPICAL TERM
Topical term or geographic name as entry element Electronic discussion groups.
9 (RLIN) 41937
942 ## - ADDED ENTRY ELEMENTS (KOHA)
Source of classification or shelving scheme Dewey Decimal Classification
Koha item type Periodicals

No items available.